LEADER 00755nam0-2200289 --450 001 9910168356203321 005 20221006093950.0 010 $a978-88-220-1301-9 100 $a20170428d2011----kmuy0itay5050 ba 101 1 $aita$ceng 102 $aIT 105 $a 001yy 200 1 $aFilosofia$fSimon Blackburn 210 $aBari$cDedalo$d2011 215 $a205 p.$cill.$d22 cm 225 1 $aˆLe ‰grandi domande 300 $aTraduzione di Andrea Migliori 610 0 $aFilosofia 676 $a100$v21 700 1$aBlackburn,$bSimon$044934 801 0$aIT$bUNINA$gRICA$2UNIMARC 901 0$aBK 912 $a9910168356203321 952 0$a101 BLAS 01$bDIP.FIL.6870$fFLFBC 959 0$aFLFBC 996 $aFilosofia$91468528 997 $aUNINA